Subjetividad y protagonismo de jóvenes estudiantes: un estudio de casos múltiples en una universidad (Record no. 186162)

MARC details
000 -CABECERA
campo de control de longitud fija 01976nab a2200289 a 4500
005 - FECHA Y HORA DE LA ÚLTIMA TRANSACCIÓN
campo de control 20250205121705.0
008 - ELEMENTOS DE LONGITUD FIJA--INFORMACIÓN GENERAL
campo de control de longitud fija 991125c2016 cr tr p o 000 0 spa d
035 ## - NÚMERO DE CONTROL DEL SISTEMA
Número de control de sistema UPN01000214062
040 ## - FUENTE DE LA CATALOGACIÓN
Centro catalogador/agencia de origen UPN
Lengua de catalogación spa
Centro/agencia transcriptor UPN
Normas de descripción aacr2
049 ## - COLECCIÓN
Colección ART-E
100 1# - ASIENTO PRINCIPAL--NOMBRE PERSONAL
Nombre de persona Oliveira de Vasconcelos, Ivar César
Enlace - ivcov@hotmail.com
100 1# - ASIENTO PRINCIPAL--NOMBRE PERSONAL
Nombre de persona Da Costa Gomes, Candido Alberto
245 10 - MENCIÓN DE TÍTULO
Título Subjetividad y protagonismo de jóvenes estudiantes: un estudio de casos múltiples en una universidad
506 0# - NOTA DE RESTRICCIONES AL ACCESO
Limitaciones de acceso Acceso abierto
520 3# - NOTA DE RESUMEN, ETC.
Sumario, etc. Este artículo propone identificar aspectos de la construcción de la subjetividad y del protagonismo de 163 alumnos de los cursos de Administración y Psicología de una universidad privada de Brasilia, Brasil. Se realizó una investigación cualitativo - exploratoria, siendo un estudio de casos múltiples. Delimitada a las explicaciones teóricas de la sociología de la experiencia y de la pedagogía dialógica, esta investigación identificó algunos aspectos seleccionados de la interacción entre estudiantes y profesores universitarios, para comprender como se establece la subjetivación y el protagonismo en el salón de clases. Se concluyó que los estudiantes se resienten de itinerarios educativos direccionados hacia el desarrollo de conductas, lo que caracteriza un proceso educacional oscilante entre informar y formar, cuyo péndulo se inclina más hacia los aspectos cognitivos que p or los aspectos socio - emocionales - culturales de la educación
650 #4 - ASIENTO SECUNDARIO DE MATERIA - TERMINO TEMATICO
Término de materia o nombre geográfico como elemento de entrada Educación superior
9 (RLIN) 32
650 #4 - ASIENTO SECUNDARIO DE MATERIA - TERMINO TEMATICO
Término de materia o nombre geográfico como elemento de entrada Juventud
9 (RLIN) 14365
650 #2 - ASIENTO SECUNDARIO DE MATERIA - TERMINO TEMATICO
Término de materia o nombre geográfico como elemento de entrada Subjetividad
9 (RLIN) 5009
650 #2 - ASIENTO SECUNDARIO DE MATERIA - TERMINO TEMATICO
Término de materia o nombre geográfico como elemento de entrada Diálogo
9 (RLIN) 9719
653 0# - TERMINO DE INDIZACION - NO CONTROLADO
Término no controlado Protagonismo
773 ## - ENLACE AL DOCUMENTO FUENTE/ENTRADA DE REGISTRO ANFITRIÓN
Parte(s) relacionada(s) Vol. 16, no. 3 (2016), p. 1-30
Título Actualidades investigativas en educación
Número Internacional Normalizado para Publicaciones Seriadas 1409-4703
856 4# - LOCALIZACIÓN Y ACCESO ELECTRÓNICOS
Identificador Uniforme del Recurso <a href="https://revistas.ucr.ac.cr/index.php/aie/article/view/26079">https://revistas.ucr.ac.cr/index.php/aie/article/view/26079</a>
856 4# - LOCALIZACIÓN Y ACCESO ELECTRÓNICOS
Identificador Uniforme del Recurso <a href="https://doi.org/10.15517/aie.v16i3.26079">https://doi.org/10.15517/aie.v16i3.26079</a>
902 ## - ELEMENTOS DE DATOS B LOCAL, LDB (RLIN)
Creó Gloria Jiménez/050225
905 ## - TIPO DE MATERIAL
Tipo de material Articulo
942 ## - ELEMENTOS DE PUNTO DE ACCESO ADICIONAL (KOHA)
Tipo de ítem Koha Artículo Electrónico
Holdings
Estado de retiro Estado de pérdida Estado dañado No para préstamo Código de colección Localización permanente Ubicación/localización actual Ubicación en estantería Fecha de adquisición Total de préstamos Fecha visto por última vez Identificador Uniforme del Recurso Precio válido a partir de Tipo de ítem Koha
        Acceso abierto Bib. Gregorio Torres Quintero Bib. Gregorio Torres Quintero En línea 05/02/2025   05/02/2025 https://doi.org/10.15517/aie.v16i3.26079 05/02/2025 Artículo Electrónico